• 首页
  • 本馆介绍
  • 公告通知
  • 最新文献
  • 馆藏检索
  • 电子资源
  • 读者导购
  • 参考咨询
  • 我的图书馆
  • 登录
  • 详细信息显示
  • 放入我的书架
  • 预约/预借图书
  • 作者相关作品
  • 分类相关作品
  • 丛书相关作品
  • 出版社相关作品

书目信息

  • 表格格式
  • 工作单格式
  • 卡片格式
题名:
网络游戏服务器编程
    
 
作者: 全洪 著 ;申铉京 , 千庆姬 译
分册:  
出版信息: 北京   人民邮电出版社  2006
页数: 304页
开本: 26cm
丛书名:
单 册:
中图分类: TP368.5
科图分类:
主题词: 游戏--网络服务器--程序设计
电子资源:
ISBN: 7-115-14136-3
000 00960nam0 2200253 450
001 0709000073
005 20070531090849.51
010    @a7-115-14136-3@dCNY36.00
100    @a20040927e20072006ekmy0chiy0110 ea
101 1  @achi@ckor
102    @aCN@b110000
105    @ay z 000yy
200 1  @a网络游戏服务器编程@Awang luo you xi fu wu qi bian cheng@f(韩) 全洪著@g申铉京, 千庆姬译
210    @a北京@c人民邮电出版社@d2006@h2007
215    @a304页@d26cm
305    @a韩国Youngjin公司授权出版
330    @a本书首先介绍了计算机网络的基础知识,以及UNIX Socket、Winsock编程;然后全面讲述网络游戏服务器组的设计,并分析适合特定游戏的网络模型;接着以大量的实例程序为基础,向读者详细讲解网络游戏服务器编程技术。
606 0  @a游戏@x网络服务器@x程序设计
690    @aTP368.5@v4
701  0 @a全洪@Aquan hong@4著
702  0 @a申铉京@Ashen xuan jing@4译
702  0 @a千庆姬@Aqian qing ji@4译
801  0 @aCN@TAOJIN@bTAOJIN@c20070531
905    @a10447@dTP368.5@e386
    
    网络游戏服务器编程/(韩) 全洪著/申铉京, 千庆姬译.-北京:人民邮电出版社,2006(2007)
    304页;26cm
    
    
    ISBN 7-115-14136-3:CNY36.00
    本书首先介绍了计算机网络的基础知识,以及UNIX Socket、Winsock编程;然后全面讲述网络游戏服务器组的设计,并分析适合特定游戏的网络模型;接着以大量的实例程序为基础,向读者详细讲解网络游戏服务器编程技术。
●
相关链接 在E读中查询图书 在五车中查询图书 在当当中查询图书 在豆瓣中查询图书


正题名:网络游戏服务器编程     索取号:TP368.5/386         预约/预借

序号 登录号 条形码 馆藏地/架位号 状态 备注
1 0523702   205237028   第二样本阅览室/ [索取号:TP368.5/386] 在馆    
2 0523703   205237037   第三借阅区/ [索取号:TP368.5/386] 在馆    
3 0523704   205237046   第三借阅区/ [索取号:TP368.5/386] 在馆    
4 0523705   205237055   第三借阅区/ [索取号:TP368.5/386] 在馆    
唐山师范学院图书馆 欢迎您!
大连网信软件有限公司© 版权所有